| 000 | 00589nam a2200205 a 4500 | ||
|---|---|---|---|
| 005 | 20240910064317.0 | ||
| 008 | 020709s2000 mx r 000 0 spa d | ||
| 020 | _a8471124467 | ||
| 035 | _aUPN01000118021 | ||
| 049 | _aCG | ||
| 050 | 4 |
_aLB1060 _bD4.2 |
|
| 100 | 1 |
_aDelval Merino, Juan A., _d1941- _934015 |
|
| 245 | 1 | 0 |
_aAprender en la vida y en la escuela / _cJuan Delval. |
| 260 |
_aMadrid : _bMorata, _c2000. |
||
| 300 | _a127 p. | ||
| 440 | 0 |
_aPedagogĂa. _pRazones y propuestas educativas ; _v2 |
|
| 650 | 4 |
_aAprendizaje _92861 |
|
| 650 | 4 |
_aPsicopedagogĂa _95085 |
|
| 905 | _aLibro | ||
| 999 |
_c90416 _d90416 |
||